Boehringer mannheim : 1995 biochemicals catalog

Đã lưu trong:
書目詳細資料
格式: 圖書
語言:Undetermined
出版: Singapore
主題:
標簽: 添加標簽
沒有標簽, 成為第一個標記此記錄!
Thư viện lưu trữ: Trung tâm Học liệu Trường Đại học Cần Thơ
LEADER 00439nam a2200157Ia 4500
001 CTU_149482
008 210402s9999 xx 000 0 und d
082 |a 001.40284 
082 |b B671 
245 0 |a Boehringer mannheim : 
245 0 |b 1995 biochemicals catalog 
260 |a Singapore 
650 |a Biochemicals catalog,Hóa sinh 
650 |x Mục lục 
904 |i Nguyên 
980 |a Trung tâm Học liệu Trường Đại học Cần Thơ